| 000 | 00757nam a2200253 i 4500 | ||
|---|---|---|---|
| 003 | DO-SdBNP | ||
| 005 | 20231004130418.0 | ||
| 006 | a||||gr|||| 00| 0 | ||
| 007 | ta | ||
| 008 | 231004t2007 mx a|||| |||| 00| 0 spa d | ||
| 020 | _a101575545640 | ||
| 020 | _a139781575545646 | ||
| 040 |
_aDO-SdBNP _bspa _cBNPHU _erda |
||
| 082 | 4 |
_222 _bL533t |
|
| 245 | 1 | 3 |
_aA través de la Biblia. / _cIsrael Leito |
| 264 | 4 |
_aMéxico, D.F. _bGema, _bAPIA, _c2007 |
|
| 300 |
_a372 páginas : _bIIustraciones ; _c20 cm. |
||
| 336 |
_2rdacontent _atexto _btxt |
||
| 337 |
_2rdamedia _asin mediación _bn |
||
| 338 |
_2rdacarrier _avolumen _bnc |
||
| 590 | _aInventariado 2023 / MF | ||
| 710 | 2 |
_aAsociación Publicadora Interamericana (APIA) _984378 |
|
| 942 |
_2ddc _cLBS1 |
||
| 999 |
_c55072 _d55072 |
||